حبہ خاتون / (Record no. 106892)

MARC details
000 -LEADER
fixed length control field 01036nam a22002777a 4500
005 - DATE AND TIME OF LATEST TRANSACTION
control field 20170123162318.0
010 ## - LIBRARY OF CONGRESS CONTROL NUMBER
LC control number A-842642
020 ## - INTERNATIONAL STANDARD BOOK NUMBER
Terms of availability 15.00
International Standard Book Number 8172014449
035 ## - SYSTEM CONTROL NUMBER
System control number A-842642
037 ## - SOURCE OF ACQUISITION
Source of stock number/acquisition Cen Lib/Ret
040 ## - CATALOGING SOURCE
Original cataloging agency DPL
Language of cataloging UR
082 ## - DEWEY DECIMAL CLASSIFICATION NUMBER
Classification number 841.092
Item number ح ب ع
100 ## - MAIN ENTRY--PERSONAL NAME
Personal name ایس. ایل . سادھوی
9 (RLIN) 53613
245 ## - TITLE STATEMENT
Title حبہ خاتون /
Statement of responsibility, etc ایس. ایل . سادھوی ؛ مرتجام موحمد ضمن آزردہ
246 ## - VARYING FORM OF TITLE
Title proper/short title Haba Kahtoon /
Remainder of title by S.L. Sadhvi ; tranlsted by Mohamamd zaman Azradah
260 ## - PUBLICATION, DISTRIBUTION, ETC. (IMPRINT)
Name of publisher, distributor, etc ساہتیہ اکادمی
Date of publication, distribution, etc 1993
Place of publication, distribution, etc دہلی
270 ## - ADDRESS
Address رویندرا بھوں ٣٥، فیروز شاہ مارگ
City دہلی
Postal code 110001
300 ## - PHYSICAL DESCRIPTION
Extent 63p.
Dimensions 21cm(Hb)
500 ## - GENERAL NOTE
General note کتابیات شامل
650 ## - SUBJECT ADDED ENTRY--TOPICAL TERM
Topical term or geographic name as entry element اردو ادب
9 (RLIN) 115897
650 ## - SUBJECT ADDED ENTRY--TOPICAL TERM
Topical term or geographic name as entry element اردو سوانے عمری
9 (RLIN) 115898
650 ## - SUBJECT ADDED ENTRY--TOPICAL TERM
Topical term or geographic name as entry element Urdu literature
9 (RLIN) 115899
650 ## - SUBJECT ADDED ENTRY--TOPICAL TERM
Topical term or geographic name as entry element Urdu biography
9 (RLIN) 511
700 ## - ADDED ENTRY--PERSONAL NAME
Personal name موحمد ضمن آزردہ
9 (RLIN) 109505
942 ## - ADDED ENTRY ELEMENTS (KOHA)
Source of classification or shelving scheme Dewey Decimal Classification
Koha item type Urdu Bks
Classification part 841.092
Call number suffix ح ب ع
Holdings
Withdrawn status Lost status Damaged status Not for loan Home library Current library Date acquired Source of acquisition Cost, normal purchase price Total Checkouts Full call number Barcode Date last seen Copy number Cost, replacement price Price effective from Koha item type
        Central Library Central Library 30/12/2015 Cen Lib/Ret 15.00   841.092 ح ب ع A-842642 30/12/2015 1 15.00 30/12/2015 Urdu Bks

© Delhi Public Library
Hit Counter
free hit counter